Statistics for The Pets of U.S. Presidents

Click here to take the quiz!

General Stats

  • This quiz has been taken 20 times
  • The average score is 8 of 15

Answer Stats

Pets President % Correct
Bo and Sunny, Portuguese water dogsBarack Obama
100%
Socks the cat; Buddy, a chocolate Labrador retrieverBill Clinton
73%
Millie, a Springer spaniel; Ranger, one of her pupsGeorge H.W. Bush
67%
Spot, a Springer spaniel (Millie's pup); Barney, a Scottish terrier; India ("Willie") the catGeorge W. Bush
67%
a mockingbird; two bear cubs (a gift from Lewis and Clark)Thomas Jefferson
60%
Checkers, a cocker spaniel; Vicky, a poodle; Pasha, a terrier; King Timahoe, an Irish setter; fishRichard Nixon
60%
Polly the Parrot; 36 hounds; horsesGeorge Washington
47%
Him and Her, beagles; Freckles, Him's pup; Blanco, a collie; Edgar and Yuki, mutts; hamsters and lovebirdsLyndon Johnson
47%
Sailor Boy, a Chesapeake Bay retriever; Manchu, a Pekingese; Skip, a mutt; terriers named Jack and Pete; cats named Tom Quartz and Slippers; Josiah the badger; Algonquin the pony; Eli the macaw; Jonathan the piebald rat; Emily Spinach, a garter snake; twelve horses; five bears; five guinea pigs; other snakes; two kangaroo rats; lizards; roosters; an owl; a flying squirrel; a raccoon; a coyote; a lion; a hyena; a zebraTheodore Roosevelt
47%
no known petsMillard Fillmore, Franklin Pierce, Chester MacArthur, and Donald Trump
47%
Jack the turkey; goats named Nanny and Nanko; ponies; cats; dogs; pigs; a white rabbitAbraham Lincoln
40%
Tom Kitten the cat; Robin the canary; Zsa Zsa the rabbit; Sardar the horse; ponies named Macaroni, Tex, and Leprechaun; parakeets named Bluebell and Marybelle; hamsters named Debbie and Billie; Charlie, a Welsh terrier; dogs named Pushinka, Shannon, Wolf, and ClipperJohn F. Kennedy
40%
Grits the dog; Misty Malarky Ying Yang, a Siamese catJimmy Carter
40%
Liberty, a Golden retriever; Chan, a Siamese catGerald Ford
40%
Rex, a King Charles spaniel; Lucky, a Bouvier des Flandres sheepdogRonald Reagan
33%

Score Distribution

Percentile by Number Answered

Percent of People with Each Score

Your Score History

You have not taken this quiz